|
|
|
|
| LEADER |
00000nac a22000007a 4500 |
| 003 |
Ucuenca |
| 005 |
20231208062730.0 |
| 008 |
181112b1985 sp ||||| |||| 00| 0 spa d |
| 020 |
|
|
|a 84-345-8369-0
|
| 040 |
|
|
|b spa
|
| 041 |
1 |
|
|a es
|
| 082 |
0 |
|
|a 581
|
| 100 |
1 |
|
|9 230683
|a Pelt, Jean-Marie
|
| 245 |
|
4 |
|a Las plantas: amores y civilizaciones vegetales
|c Jean-Marie Pelt
|h imp
|
| 264 |
|
|
|a Barcelona
|b Salvat
|c 1985
|
| 300 |
|
|
|a viii, 242 páginas:
|c 18.5 cm
|
| 490 |
|
|
|a Biblioteca Científica Salvat
|n no. 11
|
| 650 |
|
0 |
|9 1205
|a Plantas
|
| 650 |
|
0 |
|a Historia
|9 94
|
| 942 |
|
|
|2 ddc
|c CR
|z bladimir.cabrerar@ucuenca.edu.ec
|
| 999 |
|
|
|c 155947
|d 155947
|